Experiencia Profesional en la Chacra Valles Irrigados Norpatagónicos de AAPRESID /
Guardado en:
| Autor Principal: | |
|---|---|
| Autor Corporativo: | |
| Otros Autores: | |
| Formato: | Libro |
| Idioma: | Spanish |
| Publicado: |
Bahía Blanca,
2021.
|
| Materias: | |
| Acceso en línea: | Acceso a texto completo |
| Etiquetas: |
Agregar Etiqueta
Sin Etiquetas, Sea el primero en etiquetar este registro!
|
| LEADER | 01363nam a22003015a 4500 | ||
|---|---|---|---|
| 001 | EEA.libagro011344 | ||
| 008 | 211010s2021####ag#abo########000#0#spa#d | ||
| 005 | 20220202090015.0 | ||
| 245 | 1 | 0 | |a Experiencia Profesional en la Chacra Valles Irrigados Norpatagónicos de AAPRESID / |c Camila Belelli. |
| 260 | |a Bahía Blanca, |c 2021. | ||
| 300 | |a 57 h. : |b il. col., fot. col., mapas ; |c 30 cm. | ||
| 500 | |a Trabajo de intensificación (Ingeniero Agrónomo) -- Universidad Nacional del Sur. Departamento de Agronomía, 2021. | ||
| 530 | |a Disponible también en línea. | ||
| 100 | 1 | |a Belelli, Camila. | |
| 700 | 1 | |a Pellegrini, Cecilia N. | |
| 710 | 2 | |a Universidad Nacional del Sur. |b Departamento de Agronomía. | |
| 650 | 7 | |a Agricultura sostenible |2 agrovoc | |
| 650 | 7 | |a Agricultura de precisión |2 agrovoc | |
| 650 | 7 | |a Agricultura de regadío |2 agrovoc | |
| 650 | 7 | |a Maíz |2 agrovoc | |
| 650 | 7 | |a Soja |2 agrovoc | |
| 650 | 7 | |a Riego por pívot |2 agrovoc | |
| 650 | 7 | |a Agronomía Enseñanza profesional (nivel universitario) |2 unbist | |
| 650 | 7 | |a Ingeniería agrícola Enseñanza profesional (nivel universitario) |2 unbist | |
| 651 | 7 | |a Río Negro (Argentina) |2 agrovoc | |
| 653 | |a Práctica profesional | ||
| 856 | 4 | 1 | |3 Acceso a texto completo |u https://repositoriodigital.uns.edu.ar/xmlui/handle/123456789/5790 |
| 859 | |a AR-BbBCA |b BIB. AGRONOMIA |h 378.82 |i B428 |p 2021/7179 | ||
